study on land use change by using gis application in tboung krapeu commune, stuensaen district, kampong thom province on 1992 and 2007 (សិក្សាពីភាពប្រែប្រួលនៃការប្រើប្រាស់ដីធ្លីដោយប្រើប្រព័ន្ធព័តមានភូមិសាស្រ្ត នៅឃុំត្បូងក្រពើ ស្រុកស្ទឹងសែន ខេត្តកំពង់ធំក្នុង ឆ្នំា ១៩៩២ និង ២០០៧) (Record no. 5432)
[ view plain ]
| 000 -LEADER | |
|---|---|
| fixed length control field | 00908nam a22001577a 4500 |
| 003 - CONTROL NUMBER IDENTIFIER | |
| control field | OSt |
| 005 - DATE AND TIME OF LATEST TRANSACTION | |
| control field | 20151231094250.0 |
| 008 - FIXED-LENGTH DATA ELEMENTS--GENERAL INFORMATION | |
| fixed length control field | 151231b xxu||||| |||| 00| 0 eng d |
| 040 ## - CATALOGING SOURCE | |
| Transcribing agency | RUA |
| 082 ## - DEWEY DECIMAL CLASSIFICATION NUMBER | |
| Classification number | LMA LIM 2007 B295 Or.1 |
| 100 ## - MAIN ENTRY--PERSONAL NAME | |
| 9 (RLIN) | 5833 |
| Personal name | LIM, YMENG. |
| 245 ## - TITLE STATEMENT | |
| Title | study on land use change by using gis application in tboung krapeu commune, stuensaen district, kampong thom province on 1992 and 2007 (សិក្សាពីភាពប្រែប្រួលនៃការប្រើប្រាស់ដីធ្លីដោយប្រើប្រព័ន្ធព័តមានភូមិសាស្រ្ត នៅឃុំត្បូងក្រពើ ស្រុកស្ទឹងសែន ខេត្តកំពង់ធំក្នុង ឆ្នំា ១៩៩២ និង ២០០៧) |
| 260 ## - PUBLICATION, DISTRIBUTION, ETC. (IMPRINT) | |
| Place of publication, distribution, etc. | Phnom Penh |
| Name of publisher, distributor, etc. | RUA |
| Date of publication, distribution, etc. | 2007 |
| 300 ## - PHYSICAL DESCRIPTION | |
| Extent | ix, 52p. |
| Other physical details | ill. |
| Dimensions | 29cm. |
| 942 ## - ADDED ENTRY ELEMENTS (KOHA) | |
| Source of classification or shelving scheme | |
| Koha item type | LMA |
| Price effective from | Date last seen | Permanent Location | Not for loan | Date acquired | Source of classification or shelving scheme | Koha item type | Lost status | Withdrawn status | Date last checked out | Total Checkouts | Shelving location | Damaged status | Barcode | Current Location | Full call number |
|---|---|---|---|---|---|---|---|---|---|---|---|---|---|---|---|
| 2015-12-31 | 2023-05-17 | Library Block B | 2015-12-31 | LMA | 2023-04-25 | 2 | B295 | RUA025023 | Library Block B | LMA LIM 2007 B295 Or.1 | |||||
| 2015-12-31 | 2022-01-19 | Library Block B | 2015-12-31 | LMA | 2021-11-16 | 5 | B295 | RUA025095 | Library Block B | LMA LIM 2007 B295 Or.2 | |||||
| 2015-12-31 | 2020-10-23 | Library Block B | 2015-12-31 | LMA | 2020-10-02 | 3 | B295 | RUA018872 | Library Block B | LMA LIM 2007 B295 Or.3 | |||||
| 2015-12-31 | 2017-10-09 | Library Block B | 2015-12-31 | LMA | 2017-09-29 | 2 | B295 | RUA018932 | Library Block B | LMA LIM 2007 B295 Or.4 | |||||
| 2015-12-31 | 2025-08-11 | Library Block B | 2015-12-31 | LMA | 2025-07-10 | 13 | B295 | RUA018907 | Library Block B | LMA LIM 2007 B295 Or.5 | |||||
| 2015-12-31 | 2023-03-31 | Library Block B | 2015-12-31 | LMA | 2023-03-14 | 1 | B295 | RUA017578 | Library Block B | LMA LIM 2007 B295 Or.6 | |||||
| 2015-12-31 | 2015-12-31 | Library Block B | 2015-12-31 | LMA | B295 | RUA017245 | Library Block B | LMA LIM 2007 B295 Or.7 |